Statistics for Denver Nuggets 2010's Starters

Click here to take the quiz!

General Stats

  • This quiz has been taken 511 times
    (460 since last reset)
  • The average score is 10 of 21

Answer Stats

PlayerStarts% Correct
Nikola Jokić4
99%
Jamal Murray2
96%
Carmelo Anthony2
90%
Will Barton2
69%
Gary Harris4
67%
Danilo Gallinari4
66%
Paul Millsap1
64%
Ty Lawson4
63%
Kenneth Faried5
61%
Chauncey Billups2
58%
Nene Hilario2
48%
Wilson Chandler3
43%
Kenyon Martin2
33%
Emmanuel Mudiay2
32%
Arron Afflalo4
28%
Andre Iguodala1
27%
Timofey Mozgov2
26%
Jameer Nelson1
25%
Randy Foye1
16%
J.J. Hickson1
13%
Kosta Koufos1
11%

Score Distribution

Percentile by Number Answered

Percent of People with Each Score

Your Score History

You have not taken this quiz since the last reset